000
00301nam a22001337a 4500
008
180115b xxu||||| |||| 00| 0 eng d
020
_a
9781578593057
041
_a
eng
080
_a
53
100
_a
43
101
_a
FIZ
245
_a
The handy physics answer book
_c
Zitzewitz,P.W
942
_2
udc
_c
BK
999
_c
40311
_d
40311